Rekordspieler für das jeweilige Land - Statistiken

Allgemein
  • Dieses Quiz wurde 66 mal gespielt
  • Das Durchschnittsergebnis liegt bei 7 aus 30
Antwortstatistiken
Land Spieler % Korrekt
Portugal Cristiano Ronaldo
83%
Argentinien Lionel Messi
76%
Deutschland Lothar Matthäus
72%
Irland Robbie Keane
54%
Polen Robert Lewandowski
48%
Brasilien Cafu
44%
Italien Gianluigi Buffon
39%
Schweiz Granit Xhaka
39%
Finnland Jari Litmanen
39%
Österreich Marko Arnautovic
31%
Dänemark Christian Eriksen
28%
Spanien Sergio Ramos
28%
Frankreich Hugo Lloris
22%
Belgien Jan Vertonghen
11%
Tschechien Petr Cech
11%
Türkei Rüstü Recber
9%
Niederlande Wesley Sneijder
9%
USA Cobi Jones
6%
Schweden Anders Svensson
4%
Norwegen John Arne Riise
4%
England Peter Shilton
4%
Indien Sunil Chhetri
4%
China Weifeng Li
4%
Japan Yasuhtio Endo
4%
Mexiko Andres Guardado
2%
Griechenland Georgios Karagounis
2%
Kanada Atiba Hutchinson
0%
Ungarn Balazs Dzsudzsak
0%
Südkorea Myung-bo Hong
0%
Russland Sergey Ignashevich
0%
Keine übereinstimmenden Quizze gefunden
Verteilung der Resultate
Anzahl Personen mit jedem Resultat
Perzentil nach korrekt beantworteten Fragen
Ihre Resultats-Entwicklung
Sie haben dieses Quiz noch nicht gespielt